|
|
|
|
| LEADER |
00000cam a2200000 7i4500 |
| 001 |
0000057079 |
| 005 |
20151216.0 |
| 008 |
151216 |
| 020 |
|
|
|a 9789679372626
|
| 090 |
0 |
0 |
|a 372.4
|b MDY
|
| 100 |
0 |
|
|a Md. Yusuf Haji Arshad
|
| 245 |
1 |
0 |
|a Belajar untuk berjaya :
|b strategi bagi menguasai, meminati dan mendalamai bahan bacaan pelajaran
|c Md. Yusuf haji Arshad
|
| 260 |
|
|
|a Kuala Lumpur :
|b penerbitan Pustaka Antara ,
|c 1991
|
| 300 |
|
|
|a 97pg.
|
| 490 |
0 |
|
|a Siri Panduan Belajar Cara Belajar untuk KBSM
|
| 650 |
|
0 |
|a Elementary educations
|
| 999 |
|
|
|a 0000564322
|b Book
|c Adult Collection
|e Cawangan Muar
|